Devinez la Capitale Mystère #153 - Statistiques

Statistiques générales
  • Ce quiz a été pris 92 fois
  • Le résultat moyen est 28 sur 35
Statistiques - réponses
Type de Réponse Réponse % Correct
Lettre Trouvée A
100%
Lettre de l'Alphabet E
100%
Lettre Trouvée I
100%
Lettre de l'Alphabet N
100%
Lettre Trouvée R
100%
Lettre de l'Alphabet S
100%
Lettre Trouvée O
99%
Lettre de l'Alphabet D
97%
Lettre de l'Alphabet L
97%
Lettre Trouvée T
96%
Lettre de l'Alphabet M
94%
Lettre de l'Alphabet P
93%
Lettre de l'Alphabet B
91%
Lettre de l'Alphabet H
91%
Lettre de l'Alphabet U
90%
Lettre de l'Alphabet G
88%
Lettre de l'Alphabet K
87%
Lettre de l'Alphabet W
87%
Lettre Bien Placée O
82%
Lettre Trouvée C
81%
Lettre Bien Placée I
72%
Lettre Bien Placée I
70%
Lettre de l'Alphabet Y
70%
Lettre Bien Placée A
69%
Lettre Trouvée V
69%
Lettre Bien Placée T
64%
Lettre de l'Alphabet J
63%
Lettre Bien Placée R
63%
Lettre Bien Placée V
63%
Lettre de l'Alphabet X
61%
Lettre de l'Alphabet Z
57%
Lettre de l'Alphabet F
55%
Lettre Bien Placée C
54%
Lettre de l'Alphabet Q
52%
Capitale Mystère Victoria
51%
Aucun quiz correspondant
Distribution des résultats
% des personnes avec chaque résultat
Percentile par nombre de réponses
Votre historique - résultats
Vous n’avez pas pris ce quiz